000 01383nam a2200217Ia 4500
003 Ost
005 20260507075648.0
008 260507s9999||||xx |||||||||||||| ||und||
040 _cfsecg
041 _aara
082 _a515
100 _aمرسى، نبيل محمد
_eمؤلف
245 0 _aأساليب التحليل الكمي :
_bأساسيات علم الإدارة التطبيقي /
_c نبيل محمد مرسى
260 _aالإسكندرية:
_bالمكتب الجامعي الحديث,
_c2006
300 _a410 صفحة؛
_bإيضاحات ؛
_c24 سم
520 _aمقدمة في التحليل الكمي- تطبيق النماذج الرياضية في التحليل الكمي- البرمجة الخطية (أسلوب الحل البياني)- أسلوب السمبلكس- تحليل الحساسية والنظرية الثنائية- نماذج النقل- برمجة الأعداد الصحيحة- برمجة الاهداف والبرمجة غير الخطية- النماذج الشبكية- نماذج بيرت والمسار الحرج- نماذج المخزون- نماذج صفوف الإنتظار- تحليل القرارات- البرمجة الديناميكية- نظرية المباريات.
653 _aالبرمجة الخطية
653 _aالتحليل الرياضي
653 _aالتحليل الكمي
942 _cكتاب
999 _c45529
_d45529